000 00317nam a22001337a 4500
008 181207b xxu||||| |||| 00| 0 eng d
020 _a0471036072
041 _aeng
080 _25 TH
_a510
100 _a38
101 _aMAT
245 _aElementary Algebra For College Students
_cDrooyan.V
942 _2udc
_cBK
999 _c53010
_d53010